<?xml version="1.0" encoding="UTF-8"?>
<record
    xmlns:xsi="http://www.w3.org/2001/XMLSchema-instance"
    xsi:schemaLocation="http://www.loc.gov/MARC21/slim http://www.loc.gov/standards/marcxml/schema/MARC21slim.xsd"
    xmlns="http://www.loc.gov/MARC21/slim">

  <leader>01346nab a2200217 i 4500</leader>
  <controlfield tag="001">170403</controlfield>
  <controlfield tag="003">ES-MaACL</controlfield>
  <controlfield tag="005">20251017063112.0</controlfield>
  <controlfield tag="008">090304m18861887sp            000 s spa d</controlfield>
  <datafield tag="100" ind1=" " ind2=" ">
    <subfield code="a">Fern&#xE1;ndez San Rom&#xE1;n, Eduardo,  </subfield>
    <subfield code="c">Marqu&#xE9;s de San Rom&#xE1;n, </subfield>
    <subfield code="d">1818-1887</subfield>
    <subfield code="9">227092</subfield>
  </datafield>
  <datafield tag="245" ind1="1" ind2="0">
    <subfield code="a">El duque de Bail&#xE9;n - El ej&#xE9;rcito espa&#xF1;ol en 1808 - Historia militar de la Guerra de La Independencia - Sus consecuencias para la organizaci&#xF3;n militar de Espa&#xF1;a : 2&#xAA; conferencia [del ciclo "La Espa&#xF1;a del siglo XIX", Ateneo Cient&#xED;fico, Literario y Art&#xED;stico de Madrid] / </subfield>
    <subfield code="c">orador, el teniente general marqu&#xE9;s de San Rom&#xE1;n.</subfield>
  </datafield>
  <datafield tag="600" ind1="1" ind2="4">
    <subfield code="a">Casta&#xF1;os, Francisco Javier,</subfield>
    <subfield code="d">1758-1852</subfield>
    <subfield code="9">157491</subfield>
  </datafield>
  <datafield tag="610" ind1="2" ind2="4">
    <subfield code="a">Ateneo de Madrid-</subfield>
    <subfield code="v">Conferencias-</subfield>
    <subfield code="y">S.XIX.</subfield>
    <subfield code="9">1910</subfield>
  </datafield>
  <datafield tag="610" ind1="2" ind2="4">
    <subfield code="a">Ateneo de Madrid-</subfield>
    <subfield code="v">Obras digitalizadas.</subfield>
    <subfield code="9">1930</subfield>
  </datafield>
  <datafield tag="651" ind1=" " ind2="4">
    <subfield code="a">Espa&#xF1;a-</subfield>
    <subfield code="x">Historia-</subfield>
    <subfield code="y">1808-1814, Guerra de la Independencia</subfield>
    <subfield code="9">8244</subfield>
  </datafield>
  <datafield tag="773" ind1="0" ind2=" ">
    <subfield code="t"> La Espa&#xF1;a del siglo XIX : colecci&#xF3;n de conferencias hist&#xF3;ricas celebradas durante el curso de 1885-86 [y curso de 1886-87], </subfield>
    <subfield code="d">Madrid : Librer&#xED;a de Don Antonio San Mart&#xED;n, 1886-1887,</subfield>
    <subfield code="g">T.1, p. 41-79</subfield>
    <subfield code="0">82158</subfield>
    <subfield code="9">85194</subfield>
    <subfield code="w">82158</subfield>
  </datafield>
  <datafield tag="856" ind1="4" ind2=" ">
    <subfield code="u">http://www.ateneodemadrid.com/biblioteca_digital/folletos/Folletos-0092.pdf</subfield>
    <subfield code="z">Ver documento</subfield>
  </datafield>
  <datafield tag="942" ind1=" " ind2=" ">
    <subfield code="c">ANAM</subfield>
    <subfield code="2">udc</subfield>
  </datafield>
  <datafield tag="999" ind1=" " ind2=" ">
    <subfield code="c">170403</subfield>
    <subfield code="d">170403</subfield>
  </datafield>
</record>
